000 01069nam a22002537a 4500
001 80858
003 BD-RjUL
005 20230616185139.0
008 221128s2005 bg a|||| m||| 00| 0 eng d
035 _a(BD-RjUL)80858
040 _aBD-RjUL
_beng
_cBD-RjUL
_dBD-RjUL
041 _aeng
082 _223
_a570.72
_bNIP 2005
100 _aNikkon, Farjana
_96062
245 1 0 _aPhytochemical and Biological investigation of the plants moringa oleifera lam. and duranta repens linn. /
_cFarjana Nikkon ;
_6Principal Supervisor : M. Ekramul Haque, Co-Supervisor : M. Habibur Rahman
260 _aRajshahi :
_bDepartment of Biochemistry and Molecular Biology, University of Rajshahi,
_c2005
300 _aix, 158 leaves :
_bill, ;
_c29.cm.
502 _aThesis (Ph. D.) -- Department of Biochemistry and Molecular Biology, University of Rajshahi, 2005
504 _aReferences : Leaves 154 - 156
650 _aResearch
_vBiology
_96063
700 _aHaque, M. Ekramul, Princi-pal Supervisor
_96064
700 _aRahman, M. Habibur, Co-Supervisor
_93125
942 _2ddc
_cTHE
999 _c80858
_d80858